Biblioteca Municipal de Manlleu BBVA : lectura, préstec, cursos i formació, activitats culturals, serveis a escoles, internet lectura, préstec, cursos i formació, activitats culturals, serveis a escoles, internet
Publicado:
Barcelona :
Diputació de Barcelona. Gerència de Serveis de Biblioteques ; Ajuntament de Manlleu ,
2016
Descripción Física:
1 targeta postal : il·lustracions ; 15 x 11 cm
Materias:
Biblioteca Municipal de Manlleu BBVA
; Biblioteques públiques -- Barcelona (Catalunya : Província)
; Targetes postals
Idioma:
Catalán
MARC
| LEADER | 00000nkm a2200000 a 4500 | ||
|---|---|---|---|
| 001 | 25829 | ||
| 008 | 220608b spa||||| |||| 00| 0 cat d | ||
| 017 | |a DL B 21902-2016 | ||
| 080 | |a NBM-13-219 | ||
| 245 | |a Biblioteca Municipal de Manlleu BBVA : |b lectura, préstec, cursos i formació, activitats culturals, serveis a escoles, internet | ||
| 260 | |a Barcelona : |b Diputació de Barcelona. Gerència de Serveis de Biblioteques ; |b Ajuntament de Manlleu |c 2016 | ||
| 300 | |a 1 targeta postal : |b il·lustracions ; |c 15 x 11 cm | ||
| 610 | 2 | 0 | |9 53336 |a Biblioteca Municipal de Manlleu BBVA |
| 650 | 0 | |a Biblioteques públiques |x Barcelona (Catalunya : Província) |9 49209 | |
| 655 | 0 | |a Targetes postals |9 52685 | |
| 710 | 1 | |a Barcelona (Catalunya : Província). |b Gerència de Serveis de Biblioteques |9 52661 | |
| 710 | 1 | |a Manlleu (Catalunya). |b Ajuntament |9 51505 | |
| 942 | |2 udc |n 1 |c ARXIU | ||
| 952 | |0 0 |1 0 |4 0 |6 NBM13219 |7 1 |9 62288 |a Arxiu |b Arxiu |d 2022-06-08 |l 0 |o NBM-13-219 |p 25829 |r 2022-06-08 00:00:00 |w 2022-06-08 |y ARXIU | ||
| 999 | |c 81951 |d 81951 | ||